5 paesi casuali sulla mappa del mondo in 15 secondi - Statistics

Statistiche generali
  • Questo quiz è stato fatto 1.421 volte
  • Il punteggio medio è 3 su 5
Risposte nella Mappa
Le risposte nella mappa del quiz sottostante sono codificate secondo una scala di colori dal rosso al verde in base alla % di persone che hanno risposto correttamente.
 
Statistiche sulle risposte
paese % Corretto
Algeria
100%
Arabia Saudita
100%
Argentina
100%
Belize
100%
Bielorussia
100%
Brasile
100%
Canada
100%
Cechia
100%
Cile
100%
Cina
100%
Colombia
100%
Corea del Nord
100%
Corea del Sud
100%
Côte d'Ivoire
100%
Cuba
100%
Danimarca
100%
Estonia
100%
Filippine
100%
Francia
100%
Gambia
100%
Germania
100%
Grecia
100%
India
100%
Indonesia
100%
Iran
100%
Irlanda
100%
Islanda
100%
Italia
100%
Kiribati
100%
Kosovo
100%
Lettonia
100%
Libia
100%
Macedonia del Nord
100%
Madagascar
100%
Malta
100%
Marocco
100%
Messico
100%
Mongolia
100%
Nepal
100%
Norvegia
100%
Nuova Zelanda
100%
Pakistan
100%
Panama
100%
Polonia
100%
Portogallo
100%
Regno Unito
100%
Russia
100%
Seychelles
100%
Slovenia
100%
Somalia
100%
Spagna
100%
Sri Lanka
100%
Stati Uniti
100%
Sudafrica
100%
Sud Sudan
100%
Svezia
100%
Togo
100%
Turchia
100%
Ucraina
100%
Ungheria
100%
Yemen
100%
Zambia
100%
Egitto
91%
Belgio
89%
Kazakistan
88%
Paraguay
88%
Australia
86%
Finlandia
86%
Paesi Bassi
86%
Svizzera
86%
Croazia
83%
Guatemala
83%
Malesia
83%
Perù
83%
Serbia
83%
Burundi
80%
Guinea
80%
Haiti
80%
Laos
80%
Eritrea
78%
Birmania
75%
Ecuador
75%
Georgia
75%
Giappone
75%
Liberia
75%
Lituania
75%
Mauritius
75%
Monaco
75%
Romania
75%
Tanzania
75%
Uruguay
75%
Vietnam
75%
Papua Nuova Guinea
71%
Suriname
71%
Bulgaria
70%
Austria
67%
Bosnia ed Erzegovina
67%
Gabon
67%
Guinea-Bissau
67%
Honduras
67%
Lussemburgo
67%
Malawi
67%
Maldive
67%
Montenegro
67%
Niger
67%
Nigeria
67%
Oman
67%
Ruanda
67%
Sudan
67%
Swaziland
67%
Etiopia
63%
Andorra
60%
Bahamas
60%
Brunei
60%
Congo
60%
Giamaica
60%
Kenya
60%
Mali
60%
San Marino
57%
Afghanistan
50%
Albania
50%
Bangladesh
50%
Bhutan
50%
Bolivia
50%
Costa Rica
50%
Guinea Equatoriale
50%
Iraq
50%
Isole Marshall
50%
Israele
50%
Lesotho
50%
Libano
50%
Liechtenstein
50%
Mozambico
50%
Rep Dem Congo
50%
Sao Tome e Principe
50%
Senegal
50%
Timor-Leste
50%
Tunisia
50%
Uzbekistan
50%
Venezuela
50%
Zimbabwe
45%
Namibia
43%
Singapore
43%
Mauritania
40%
Taiwan
40%
Angola
33%
Armenia
33%
Azerbaijan
33%
Cipro
33%
Emirati Arabi Uniti
33%
Kuwait
33%
Micronesia
33%
Slovacchia
33%
Tagikistan
33%
Trinidad e Tobago
33%
Vanuatu
29%
Bahrain
25%
Barbados
25%
Comoros
25%
Nicaragua
25%
Repubblica Centrafricana
25%
Repubblica Dominicana
25%
Saint Kitts e Nevis
25%
Sierra Leone
25%
Tonga
25%
Turkmenistan
25%
Burkina Faso
20%
Dominica
20%
Botswana
17%
Tuvalu
17%
Antigua e Barbuda
0%
Benin
0%
Cabo Verde
0%
Cambogia
0%
Camerun
0%
Ciad
0%
Città del Vaticano
0%
El Salvador
0%
Figi
0%
Ghana
0%
Gibuti
0%
Giordania
0%
Grenada
0%
Guyana
0%
Isole Salomone
0%
Kirghizistan
0%
Moldavia
0%
Nauru
0%
Palau
0%
Qatar
0%
Saint Vincent e Grenadine
0%
Samoa
0%
Santa Lucia
0%
Siria
0%
Thailandia
0%
Uganda
0%
Nessun quiz corrispondente trovato
Distribuzione punteggi
Percentuale di utenti per punteggio
Percentile per numero di risposta
I tuoi punteggi nel tempo
Non hai fatto questo quiz